Exeter Uni Halls Quiz Stats

 Plays Quiz not verified by Sporcle

Support Sporcle.
Go Orange.
Score 0/22 Timer 03:00
0 Plays Today
Hall % Correct
Lafrowda
90.6%
Birks Grange
89.3%
Holland Hall
87.3%
Penny C
68.8%
Mardon
67.2%
Lopes
59.7%
Point Exe
50.3%
St German's
43.5%
Rowancroft
42.2%
Rowe House
41.9%
Ransom Pickard
39.9%
Hall % Correct
Hope Hall
38.6%
Moberly
37.7%
James Owen Court
35.7%
St Lukes
16.2%
Birks Grange Village
15.9%
Cook Mews
15.6%
Northfield
15.3%
Opal
10.4%
Lazenby
9.1%
Lafrowda Enhanced
8.4%
Northernhay House
4.5%

You're not logged in!

Compare scores with friends on all Sporcle quizzes.
OR
Log In

From the Vault

TV Show by Locker Scene

by babymonkee

Why do TV kids spend so much time at their lockers?
Remove Ads.
Support Sporcle.
Get the best of Sporcle when you Go Orange. This ad-free experience offers more features, more stats, and more fun while also helping to support Sporcle. Thank you for becoming a member.

Show Comments

Extras

Created Feb 23, 2011ReportNominate
Tags:University Quiz, Exeter, hall, uni

Top Quizzes Today


Score Distribution

Your Account Isn't Verified!

In order to create a playlist on Sporcle, you need to verify the email address you used during registration. Go to your Sporcle Settings to finish the process.

Report this User

Report this user for behavior that violates our Community Guidelines.

Details: